Exposed /

সংরক্ষণ করুন:
গ্রন্থ-পঞ্জীর বিবরন
প্রধান লেখক: Keefer, Dean
বিন্যাস: গ্রন্থ
ভাষা:ইংরেজি
প্রকাশিত: Berlin Bruno Gmünder c1996
ট্যাগগুলো: ট্যাগ যুক্ত করুন
কোনো ট্যাগ নেই, প্রথমজন হিসাবে ট্যাগ করুন!

MARC

LEADER 00000nam a2200000 4500
001 CDOM0000001062
003 mi
005 20250925171812.0
008 250925b |||||||| |||| 00| 0 eng d
020 |a 3861870678 
040 |c mi 
100 |a Keefer, Dean 
245 1 |a Exposed /  |c Dean Keefer 
260 |a Berlin  |b Bruno Gmünder  |c c1996 
300 |a [39] p.  |c per la maggior parte foto. (b/n e col)  |c 24x30 cm. 
942 |2 ddc  |c BK 
952 |0 0  |1 0  |2 ddc  |4 0  |6 B_AFT01KEEDEEXP11  |7 0  |9 8186  |a MI  |b MI  |d 2005-08-13  |i 4801  |l 0  |o B-AFT01-KEEDE-EXP11  |p CDOM4801  |r 2025-07-17 21:50:00  |w 2025-07-17  |x ACQUISTO  |y BK 
999 |c 6849  |d 6849